| Tag |
First Indicator |
Second Indicator |
Subfields |
| LEADER |
00000cam a2200000 4500 |
| 001 |
in00000041697 |
| 005 |
20151007074711.0 |
| 008 |
730306c19501925nyua b 00000 eng u |
| 010 |
|
|
|a 25001039
|
| 035 |
|
|
|a (OCoLC)00569413
|
| 035 |
|
|
|9 AAF1950AM
|
| 040 |
|
|
|c KSU
|d TXA
|d UtOrBLW
|
| 049 |
|
|
|a TXAM
|c [215802]
|
| 050 |
|
0 |
|a GB1203
|b .D3
|
| 092 |
|
|
|a 551.48
|b D135g
|
| 100 |
1 |
|
|a Dakin, Wilson Sheldon,
|d 1874-
|
| 245 |
1 |
0 |
|a Great rivers of the world :
|b a story of their service to man.
|
| 264 |
|
1 |
|a New York :
|b The Macmillan company,
|c 1950
|
| 264 |
|
4 |
|c [©1925]
|
| 300 |
|
|
|a vii, 204 pages :
|b illustrations
|
| 336 |
|
|
|a text
|b txt
|2 rdacontent
|
| 337 |
|
|
|a unmediated
|b n
|2 rdamedia
|
| 338 |
|
|
|a volume
|b nc
|2 rdacarrier
|
| 504 |
|
|
|a Bibliography: pages 193-197.
|
| 650 |
|
0 |
|a Rivers.
|
| 999 |
|
|
|a MARS
|
| 999 |
f |
f |
|s bf14352b-1714-3710-a132-c7a17624eb73
|i 6f1b3c3c-5ded-35a1-b786-c1c6174234f7
|t 0
|
| 952 |
f |
f |
|p ric
|a Texas A&M University
|b Rellis Campus
|c Joint Library Facility
|d Remote Storage
|t 0
|e GB1203 .D3
|h Library of Congress classification
|i unmediated -- volume
|m A14800952806
|
| 998 |
f |
f |
|a GB1203 .D3
|t 0
|l Remote Storage
|